[Event "Sukooon Resort Indian"]
[Site "Chess.com INT"]
[Date "2020.05.16"]
[Round "6.3"]
[White "Aakanksha, Hagawane"]
[Black "Girish, A Koushnik"]
[Result "0-1"]
[WhiteElo "2238"]
[BlackElo "2498"]
[PlyCount "134"]
[EventDate "2020.05.15"]
[EventType "team-tourn (rapid)"]
[EventRounds "9"]
[EventCountry "IND"]
[SourceTitle "CBM 196 Extra"]
[Source "ChessBase"]
[SourceDate "2020.07.31"]
[SourceVersion "1"]
[SourceVersionDate "2020.07.31"]
[SourceQuality "1"]
[WhiteTeam "Cheeky Cheetahs"]
[BlackTeam "Undercover Agents"]
[WhiteTeamCountry "IND"]
[BlackTeamCountry "IND"]

1. e4 e5 2. Bc4 Nf6 3. d3 Bc5 4. Nc3 c6 5. f4 exf4 6. Bxf4 d5 7. exd5 cxd5 8.
Bb5+ Nc6 9. Qe2+ Be6 10. O-O-O O-O 11. Nf3 Nd4 12. Nxd4 Bxd4 13. Qd2 Qa5 14.
Ne2 Qxa2 15. c3 Bc5 16. b4 Qxd2+ 17. Kxd2 Be7 18. h3 Rfc8 19. Nd4 Bd7 20. Rhe1
Bf8 21. Bxd7 Nxd7 22. Nb5 a5 23. Nc7 Ra7 24. Ra1 d4 25. Rxa5 dxc3+ 26. Kxc3
Rxa5 27. bxa5 g5 28. Bg3 f5 29. Re8 Rxe8 30. Nxe8 f4 31. Bf2 Kf7 32. Nc7 Bd6
33. Nb5 Bb8 34. Kd4 Ke6 35. Ke4 Nf6+ 36. Kf3 h5 37. g4 hxg4+ 38. hxg4 Kd5 39.
Nc3+ Ke6 40. Bd4 Be5 41. Nb5 Bxd4 42. Nxd4+ Ke5 43. Nb3 Nd7 44. Ke2 Kd5 45. Kf3
Ne5+ 46. Ke2 Nxg4 47. Nd2 Nf6 48. Nf3 g4 49. Nh4 Nh5 50. Ng6 Ke6 51. Nf8+ Kf5
52. Nd7 f3+ 53. Ke3 Nf6 54. Nc5 Nd5+ 55. Kf2 Kf4 56. Ne6+ Ke5 57. Nc5 Nf4 58.
Kg3 Ne2+ 59. Kf2 Nd4 60. Nxb7 Kf4 61. Nc5 g3+ 62. Kf1 g2+ 63. Kf2 Ne2 64. Ne6+
Ke5 65. Kxf3 g1=Q 66. Kxe2 Kxe6 67. a6 Kd5 0-1

[Event "Sukooon Resort Indian"]
[Site "Chess.com INT"]
[Date "2020.05.16"]
[Round "9.5"]
[White "Girish, A Koushnik"]
[Black "Mohammad, Nubairshah Shaikh"]
[Result "0-1"]
[WhiteElo "2498"]
[BlackElo "2445"]
[PlyCount "66"]
[EventDate "2020.05.15"]
[EventType "team-tourn (rapid)"]
[EventRounds "9"]
[EventCountry "IND"]
[SourceTitle "CBM 196 Extra"]
[Source "ChessBase"]
[SourceDate "2020.07.31"]
[SourceVersion "1"]
[SourceVersionDate "2020.07.31"]
[SourceQuality "1"]
[WhiteTeam "Undercover Agents"]
[BlackTeam "United India"]
[WhiteTeamCountry "IND"]
[BlackTeamCountry "IND"]

1. d4 Nf6 2. c4 g6 3. Nc3 Bg7 4. e4 d6 5. h3 O-O 6. Be3 e5 7. d5 Na6 8. Nf3 Nc5
9. Nd2 a5 10. g4 c6 11. Be2 Bd7 12. Kf1 Ne8 13. h4 f5 14. gxf5 gxf5 15. exf5
Bxf5 16. h5 Kh8 17. h6 Bf6 18. dxc6 bxc6 19. Bxc5 dxc5 20. Nde4 Qd4 21. Qd3 Rd8
22. Rd1 Nd6 23. Qxd4 cxd4 24. Nxd6 Rxd6 25. Na4 Bc2 26. Nc5 Bxd1 27. Bxd1 Bg5
28. Rh5 Be3 29. Ne4 Rxh6 30. Rxe5 Rh2 31. Kg1 Rhxf2 32. Nxf2 Rxf2 33. Bg4 Rf4+
0-1

[Event "Titled Tuesday intern op 26th May"]
[Site "Chess.com INT"]
[Date "2020.05.26"]
[Round "1"]
[White "Vifleemskaia, Svetlana"]
[Black "Girish, A Koushnik"]
[Result "0-1"]
[WhiteElo "1943"]
[BlackElo "2498"]
[PlyCount "92"]
[EventDate "2020.05.26"]
[EventType "swiss (blitz)"]
[EventRounds "10"]
[EventCountry "USA"]
[SourceTitle "CBM 196 Extra"]
[Source "ChessBase"]
[SourceDate "2020.07.31"]
[SourceVersion "1"]
[SourceVersionDate "2020.07.31"]
[SourceQuality "1"]

1. d4 Nf6 2. c4 e6 3. Nc3 Bb4 4. e3 O-O 5. Nge2 Re8 6. a3 Bf8 7. d5 a5 8. g3
exd5 9. cxd5 Na6 10. Bg2 d6 11. O-O Nc5 12. h3 a4 13. e4 Nfxe4 14. Nxe4 Nxe4
15. Nc3 Nxc3 16. bxc3 g6 17. c4 Bg7 18. Ra2 Bd7 19. Bb2 b6 20. Bxg7 Kxg7 21.
Qd4+ Qf6 22. Rd2 Qxd4 23. Rxd4 Re2 24. Re4 Rxe4 25. Bxe4 Bxh3 26. Rb1 Re8 27.
Bd3 h5 28. Kh2 Bd7 29. Kg2 Kf6 30. Kf3 Bg4+ 31. Kg2 Bf5 32. Bxf5 Kxf5 33. Rb4
Ra8 34. Kf3 g5 35. Ke3 Ke5 36. f4+ gxf4+ 37. gxf4+ Kf5 38. Kf3 h4 39. Rb2 Rg8
40. Rb4 Rg3+ 41. Kf2 Rxa3 42. Kg2 Kg4 43. Kf2 f5 44. Rb1 h3 45. Rb4 Ra2+ 46.
Kf1 h2 0-1

[Event "Titled Tuesday intern op 6th June fin"]
[Site "Chess.com INT"]
[Date "2020.06.02"]
[Round "1.1"]
[White "Artemiev, Vladislav"]
[Black "Giri, Anish"]
[Result "1-0"]
[WhiteElo "2716"]
[BlackElo "2764"]
[PlyCount "129"]
[EventDate "2020.06.02"]
[EventType "k.o. (blitz)"]
[EventRounds "3"]
[EventCountry "USA"]
[SourceTitle "CBM 196 Extra"]
[Source "ChessBase"]
[SourceDate "2020.07.31"]
[SourceVersion "1"]
[SourceVersionDate "2020.07.31"]
[SourceQuality "1"]

1. Nf3 d5 2. b3 Bg4 3. e3 Nd7 4. Bb2 Ngf6 5. h3 Bh5 6. g4 Bg6 7. g5 Ne4 8. d3
Nd6 9. h4 h5 10. Nbd2 e6 11. c4 c6 12. Qc2 a5 13. a3 c5 14. e4 d4 15. Bh3 Be7
16. O-O Qc7 17. b4 b6 18. bxa5 bxa5 19. Nh2 e5 20. f4 exf4 21. Ndf3 f6 22. gxf6
gxf6 23. Kh1 Nf7 24. Rg1 Nde5 25. Raf1 Bh7 26. Bc1 Bd6 27. Bxf4 Nxf3 28. Bxd6
Qxd6 29. Nxf3 Ke7 30. e5 fxe5 31. Rg7 Rag8 32. Rxf7+ Kxf7 33. Ng5+ Kg6 34. Bf5+
Kg7 35. Bxh7 Rf8 36. Rg1 Kh6 37. Be4 Rf4 38. Qh2 Qf6 39. Qg3 Rg8 40. Kh2 Rg7
41. Qh3 Rf2+ 42. Kh1 Rf4 43. Kh2 Rf2+ 44. Kh1 Rf4 45. Rg3 Rf1+ 46. Kh2 Rf2+ 47.
Rg2 Rf4 48. Qc8 Rxh4+ 49. Nh3 Rxg2+ 50. Kxg2 Rg4+ 51. Kh2 Qg7 52. Qe6+ Rg6 53.
Bxg6 Qxg6 54. Qxg6+ Kxg6 55. Nf2 Kf5 56. Ne4 Kf4 57. Nxc5 Ke3 58. Kg3 Kd2 59.
Kh4 Kc3 60. Kxh5 e4 61. Nxe4+ Kxd3 62. Nd6 Kc3 63. c5 d3 64. c6 Kd4 65. Nf5+
1-0

[Event "Titled Tuesday intern op 9th June"]
[Site "Chess.com INT"]
[Date "2020.06.09"]
[Round "6"]
[White "Giri, Anish"]
[Black "Melkumyan, Hrant"]
[Result "1/2-1/2"]
[WhiteElo "2764"]
[BlackElo "2663"]
[PlyCount "55"]
[EventDate "2020.06.09"]
[EventType "swiss (blitz)"]
[EventRounds "10"]
[EventCountry "USA"]
[SourceTitle "CBM 196 Extra"]
[Source "ChessBase"]
[SourceDate "2020.07.31"]
[SourceVersion "1"]
[SourceVersionDate "2020.07.31"]
[SourceQuality "1"]

1. e4 c6 2. d4 d5 3. e5 Bf5 4. h4 h5 5. Bd3 Bxd3 6. Qxd3 e6 7. Bg5 Qa5+ 8. Nd2
c5 9. Ngf3 Nc6 10. O-O cxd4 11. Nb3 Qa6 12. Qxa6 bxa6 13. Rac1 f6 14. Bf4 Nge7
15. Nbxd4 Kf7 16. c4 Nxd4 17. Nxd4 Ng6 18. Bg3 fxe5 19. Nf3 Bd6 20. cxd5 exd5
21. Rfd1 Rhc8 22. Rxc8 Rxc8 23. Rxd5 Ke6 24. Ra5 Rc1+ 25. Kh2 Rc6 26. Ng5+ Kf5
27. Ra4 Be7 28. Nf3 1/2-1/2

[Event "Titled Tuesday intern op 9th June"]
[Site "Chess.com INT"]
[Date "2020.06.09"]
[Round "7"]
[White "Moskalenko, Alexander"]
[Black "Giri, Anish"]
[Result "1/2-1/2"]
[WhiteElo "2515"]
[BlackElo "2764"]
[PlyCount "53"]
[EventDate "2020.06.09"]
[EventType "swiss (blitz)"]
[EventRounds "10"]
[EventCountry "USA"]
[SourceTitle "CBM 196 Extra"]
[Source "ChessBase"]
[SourceDate "2020.07.31"]
[SourceVersion "1"]
[SourceVersionDate "2020.07.31"]
[SourceQuality "1"]

1. d4 Nf6 2. c4 e6 3. Nc3 Bb4 4. e3 O-O 5. Nge2 d5 6. a3 Bd6 7. cxd5 exd5 8.
Nf4 Bxf4 9. exf4 Re8+ 10. Be2 c5 11. Be3 Ng4 12. Bxg4 Bxg4 13. Qxg4 cxd4 14.
O-O dxe3 15. fxe3 d4 16. exd4 Qxd4+ 17. Kh1 Nc6 18. Rad1 Qc4 19. Nd5 Red8 20.
Nf6+ Kh8 21. Qf5 gxf6 22. Qxf6+ Kg8 23. Qg5+ Kf8 24. Qh6+ Kg8 25. Qg5+ Kf8 26.
Qh6+ Kg8 27. Qg5+ 1/2-1/2

[Event "Titled Tuesday intern op 9th June f"]
[Site "Chess.com INT"]
[Date "2020.06.09"]
[Round "1.1"]
[White "Giri, Anish"]
[Black "Le, Tuan Minh"]
[Result "0-1"]
[WhiteElo "2764"]
[BlackElo "2501"]
[PlyCount "64"]
[EventDate "2020.06.09"]
[EventType "k.o. (blitz)"]
[EventRounds "3"]
[EventCountry "USA"]
[SourceTitle "CBM 196 Extra"]
[Source "ChessBase"]
[SourceDate "2020.07.31"]
[SourceVersion "1"]
[SourceVersionDate "2020.07.31"]
[SourceQuality "1"]

1. e4 c5 2. Nf3 Nf6 3. e5 Nd5 4. Nc3 e6 5. Ne4 f5 6. Nc3 Ne7 7. Nb5 Ng6 8. b3
a6 9. Nd6+ Bxd6 10. exd6 Qb6 11. d4 Qxd6 12. Ba3 Qc7 13. dxc5 Qa5+ 14. b4 Qxa3
15. Qd2 a5 16. c3 axb4 17. cxb4 Nc6 18. b5 Nce5 19. Nxe5 Nxe5 20. Qd4 Qa5+ 21.
Kd1 Qa4+ 22. Qxa4 Rxa4 23. Kc2 d6 24. Kb3 Rd4 25. Rc1 Ke7 26. Be2 Bd7 27. a4
Ra8 28. cxd6+ Kxd6 29. Rhd1 Raxa4 30. f4 Ng6 31. Ra1 Rxa1 32. Rxd4+ Ke7 0-1

[Event "MrDodgy Online Inv"]
[Site "chess24.com INT"]
[Date "2020.06.12"]
[Round "1.1"]
[White "Fressinet, Laurent"]
[Black "Giri, Anish"]
[Result "0-1"]
[WhiteElo "2635"]
[BlackElo "2764"]
[PlyCount "102"]
[EventDate "2020.06.12"]
[EventType "k.o. (blitz)"]
[EventRounds "3"]
[EventCountry "GER"]
[SourceTitle "CBM 196 Extra"]
[Source "ChessBase"]
[SourceDate "2020.07.31"]
[SourceVersion "1"]
[SourceVersionDate "2020.07.31"]
[SourceQuality "1"]

1. d4 Nf6 2. Nf3 d5 3. c3 Bf5 4. Qb3 Qc8 5. Bf4 e6 6. e3 Be7 7. Nbd2 O-O 8. Nh4
Be4 9. f3 Bg6 10. Be2 c5 11. Nxg6 hxg6 12. g4 Nc6 13. h4 cxd4 14. exd4 Nh7 15.
Bg3 a6 16. Bd3 b5 17. h5 g5 18. Qc2 f5 19. O-O Qd7 20. Rae1 Bd6 21. Bxd6 Qxd6
22. Nb3 Nf6 23. gxf5 Nxh5 24. Rxe6 Qg3+ 25. Qg2 Qxg2+ 26. Kxg2 Nf4+ 27. Kg3
Nxe6 28. fxe6 Rf4 29. Nc5 Ne7 30. Rh1 g6 31. Nd7 Kg7 32. Ne5 Rh4 33. Rxh4 gxh4+
34. Kxh4 Kf6 35. Kg4 Rh8 36. Nd7+ Kxe6 37. Nc5+ Kd6 38. Kg3 Ra8 39. b4 Kc6 40.
Kf4 a5 41. a3 axb4 42. axb4 Ra3 43. Ke5 Rxc3 44. Ke6 Nf5 45. Bxf5 gxf5 46. f4
Rc4 47. Kxf5 Rxd4 48. Ke5 Rxb4 49. Ne6 Re4+ 50. Kf6 b4 51. f5 b3 0-1

[Event "MrDodgy Online Inv"]
[Site "chess24.com INT"]
[Date "2020.06.12"]
[Round "1.2"]
[White "Giri, Anish"]
[Black "Fressinet, Laurent"]
[Result "0-1"]
[WhiteElo "2764"]
[BlackElo "2635"]
[PlyCount "160"]
[EventDate "2020.06.12"]
[EventType "k.o. (blitz)"]
[EventRounds "3"]
[EventCountry "GER"]
[SourceTitle "CBM 196 Extra"]
[Source "ChessBase"]
[SourceDate "2020.07.31"]
[SourceVersion "1"]
[SourceVersionDate "2020.07.31"]
[SourceQuality "1"]

1. c4 Nf6 2. g3 g6 3. Bg2 Bg7 4. Nc3 O-O 5. Nf3 c5 6. d4 d6 7. O-O Nc6 8. d5
Na5 9. Nd2 a6 10. Rb1 Rb8 11. b3 b5 12. Qc2 e5 13. e4 Bd7 14. Bb2 h5 15. Ne2 h4
16. Bc3 b4 17. Bb2 Nb7 18. Rbe1 Qe7 19. Qd3 a5 20. f4 hxg3 21. hxg3 Ng4 22. Nf3
a4 23. Bh3 axb3 24. axb3 Ra8 25. Nc1 exf4 26. Bxg7 Kxg7 27. Bxg4 Bxg4 28. Nh2
Bd7 29. gxf4 Rh8 30. Qd2 Qh4 31. Re3 Rae8 32. Rf2 f6 33. Nd3 Ra8 34. Qb2 Ra3
35. Rg2 Rha8 36. Qf2 Ra1+ 37. Re1 Rxe1+ 38. Nxe1 Qxf2+ 39. Kxf2 Ra3 40. e5 Rxb3
41. e6 Be8 42. Nhf3 Na5 43. Nd2 Rb2 44. Ke3 b3 45. f5 g5 46. Kd3 Ra2 47. Kc3 b2
48. Nb1 Ra4 49. Kxb2 Nxc4+ 50. Kc3 Nb6 51. Nc2 Nxd5+ 52. Kd2 Nf4 53. Rg3 Ra7
54. Rb3 Ba4 55. Rb8 Bxc2 56. Kxc2 g4 57. Nc3 g3 58. Rb1 g2 59. Rg1 Ra3 60. Kb2
Rxc3 61. Rxg2+ Nxg2 62. Kxc3 Nh4 63. Kc4 Nxf5 64. Kb5 Ne7 65. Kb6 Kf8 66. Kc7
f5 67. Kxd6 f4 68. Kxc5 f3 69. Kd4 f2 70. Ke5 f1=Q 71. Ke4 Qf5+ 72. Ke3 Qe5+
73. Kd3 Nd5 74. Kc4 Ke7 75. Kd3 Kxe6 76. Kc4 Qe3 77. Kb5 Qb6+ 78. Kc4 Qb4+ 79.
Kd3 Qc3+ 80. Ke4 Qe3# 0-1

[Event "MrDodgy Online Inv"]
[Site "chess24.com INT"]
[Date "2020.06.12"]
[Round "1.3"]
[White "Fressinet, Laurent"]
[Black "Giri, Anish"]
[Result "0-1"]
[WhiteElo "2635"]
[BlackElo "2764"]
[PlyCount "44"]
[EventDate "2020.06.12"]
[EventType "k.o. (blitz)"]
[EventRounds "3"]
[EventCountry "GER"]
[SourceTitle "CBM 196 Extra"]
[Source "ChessBase"]
[SourceDate "2020.07.31"]
[SourceVersion "1"]
[SourceVersionDate "2020.07.31"]
[SourceQuality "1"]

1. e4 c6 2. d3 d5 3. Nf3 dxe4 4. dxe4 Qxd1+ 5. Kxd1 Nf6 6. Nfd2 h5 7. f3 g5 8.
a4 h4 9. Nc4 g4 10. e5 Nd5 11. fxg4 Bxg4+ 12. Be2 Be6 13. Nbd2 b5 14. axb5 cxb5
15. Bf3 bxc4 16. Nxc4 Nc6 17. c3 O-O-O 18. Kc2 Bg7 19. Bg5 Kc7 20. Rhd1 f6 21.
exf6 Bxf6 22. Re1 Bf5+ 0-1

[Event "MrDodgy Online Inv"]
[Site "chess24.com INT"]
[Date "2020.06.12"]
[Round "1.4"]
[White "Giri, Anish"]
[Black "Fressinet, Laurent"]
[Result "1-0"]
[WhiteElo "2764"]
[BlackElo "2635"]
[PlyCount "91"]
[EventDate "2020.06.12"]
[EventType "k.o. (blitz)"]
[EventRounds "3"]
[EventCountry "GER"]
[SourceTitle "CBM 196 Extra"]
[Source "ChessBase"]
[SourceDate "2020.07.31"]
[SourceVersion "1"]
[SourceVersionDate "2020.07.31"]
[SourceQuality "1"]

1. e4 e5 2. Nf3 Nc6 3. Bb5 Nf6 4. O-O Nxe4 5. d4 Nd6 6. Bxc6 dxc6 7. dxe5 Nf5
8. Qxd8+ Kxd8 9. h3 Bd7 10. Nc3 h6 11. b3 Kc8 12. Bb2 b6 13. Rad1 c5 14. Nd5
Ne7 15. c4 Ng6 16. Rfe1 Be6 17. Nd2 Kb7 18. Ne4 a5 19. a4 Re8 20. Kh2 Be7 21.
Nxe7 Nxe7 22. g4 g5 23. Kg3 Ng6 24. Bc1 Rd8 25. f4 gxf4+ 26. Bxf4 Rd4 27. Rxd4
cxd4 28. Rd1 c5 29. Nf6 Rd8 30. h4 b5 31. axb5 a4 32. bxa4 Bxc4 33. Ne4 Kb6 34.
Rc1 Bd5 35. Nxc5 Ka5 36. Bd2+ Kb6 37. Nd3 Be4 38. Nf2 Bd5 39. Nd3 Be4 40. Nc5
Bd5 41. Bf4 h5 42. gxh5 Ne7 43. Bg5 Rg8 44. Kf4 Nc8 45. Nd7+ Ka5 46. Nf6 1-0

[Event "MrDodgy Online Inv"]
[Site "chess24.com INT"]
[Date "2020.06.12"]
[Round "1.5"]
[White "Fressinet, Laurent"]
[Black "Giri, Anish"]
[Result "1/2-1/2"]
[WhiteElo "2635"]
[BlackElo "2764"]
[PlyCount "106"]
[EventDate "2020.06.12"]
[EventType "k.o. (blitz)"]
[EventRounds "3"]
[EventCountry "GER"]
[SourceTitle "CBM 196 Extra"]
[Source "ChessBase"]
[SourceDate "2020.07.31"]
[SourceVersion "1"]
[SourceVersionDate "2020.07.31"]
[SourceQuality "1"]

1. d4 d5 2. Nf3 Nf6 3. c3 e6 4. Bg5 h6 5. Bh4 g5 6. Bg3 Ne4 7. Nfd2 Nxg3 8.
hxg3 c5 9. e3 Nd7 10. Nf3 Bg7 11. Nbd2 O-O 12. Bd3 Re8 13. O-O b6 14. Qe2 Bb7
15. Ba6 Qc8 16. Bxb7 Qxb7 17. a4 Rab8 18. e4 cxd4 19. cxd4 dxe4 20. Nxe4 Qd5
21. Nc3 Qb7 22. Nb5 Bf8 23. Rac1 Rbc8 24. Ne5 a6 25. Nc3 Nxe5 26. dxe5 Bg7 27.
f4 Rc5 28. Ne4 Rxc1 29. Rxc1 Rc8 30. Rf1 Qd5 31. Nd6 Rc7 32. Rd1 Qc5+ 33. Kh2
gxf4 34. gxf4 Qc2 35. Rd2 Qxa4 36. Qg4 Kf8 37. Qh4 Rd7 38. Qf2 Kg8 39. Rc2 Rd8
40. Rc7 Rf8 41. g3 a5 42. Qxb6 Qd1 43. Qf2 a4 44. Ra7 h5 45. Rc7 f6 46. exf6
Bxf6 47. Ne4 Bd4 48. Rd7 Bxf2 49. Rxd1 Be3 50. Rd3 Bc1 51. Ra3 Bxb2 52. Rxa4 e5
53. fxe5 Bxe5 1/2-1/2

[Event "MrDodgy Online Inv"]
[Site "chess24.com INT"]
[Date "2020.06.12"]
[Round "1.6"]
[White "Giri, Anish"]
[Black "Fressinet, Laurent"]
[Result "1/2-1/2"]
[WhiteElo "2764"]
[BlackElo "2635"]
[PlyCount "112"]
[EventDate "2020.06.12"]
[EventType "k.o. (blitz)"]
[EventRounds "3"]
[EventCountry "GER"]
[SourceTitle "CBM 196 Extra"]
[Source "ChessBase"]
[SourceDate "2020.07.31"]
[SourceVersion "1"]
[SourceVersionDate "2020.07.31"]
[SourceQuality "1"]

1. e4 e5 2. Nf3 Nc6 3. Bc4 Nf6 4. d3 Bc5 5. O-O d6 6. c3 a6 7. a4 Ba7 8. Nbd2
Ne7 9. d4 Ng6 10. Re1 O-O 11. b4 c6 12. Bf1 Re8 13. h3 h6 14. b5 axb5 15. axb5
Be6 16. Qc2 Bb6 17. Rxa8 Qxa8 18. dxe5 Nxe5 19. Nxe5 dxe5 20. Nc4 Bc7 21. bxc6
bxc6 22. Be3 Rb8 23. Bd3 Qb7 24. Nd2 Qb2 25. Rb1 Qxc2 26. Bxc2 Rxb1+ 27. Bxb1
Nd7 28. Kf1 Bb6 29. Ke2 Kf8 30. Bd3 Ke7 31. Bc4 Bxe3 32. Kxe3 Nb6 33. Bxe6 Kxe6
34. Kd3 Nd7 35. Kc4 Kd6 36. Kb4 Kc7 37. Nc4 h5 38. h4 g6 39. g3 f6 40. Ne3 Nf8
41. f4 exf4 42. gxf4 Ne6 43. f5 gxf5 44. Nxf5 Kd7 45. Kc4 Nf4 46. Kd4 Ng6 47.
Ng7 Nxh4 48. Nxh5 f5 49. exf5 Nxf5+ 50. Kc5 Ne7 51. Nf6+ Kc7 52. c4 Nc8 53.
Ne8+ Kd7 54. Nf6+ Kc7 55. Ne8+ Kd7 56. Nf6+ Kc7 1/2-1/2

[Event "MrDodgy Online Inv"]
[Site "chess24.com INT"]
[Date "2020.06.12"]
[Round "1.7"]
[White "Fressinet, Laurent"]
[Black "Giri, Anish"]
[Result "1/2-1/2"]
[WhiteElo "2635"]
[BlackElo "2764"]
[PlyCount "161"]
[EventDate "2020.06.12"]
[EventType "k.o. (blitz)"]
[EventRounds "3"]
[EventCountry "GER"]
[SourceTitle "CBM 196 Extra"]
[Source "ChessBase"]
[SourceDate "2020.07.31"]
[SourceVersion "1"]
[SourceVersionDate "2020.07.31"]
[SourceQuality "1"]

1. Nf3 d5 2. g3 Bg4 3. Bg2 c6 4. O-O Nd7 5. d3 Ngf6 6. c4 dxc4 7. dxc4 e5 8.
Nc3 Bc5 9. h3 Bxf3 10. Bxf3 O-O 11. e3 a5 12. Qc2 Qe7 13. b3 Rfe8 14. Rd1 Ba3
15. Bd2 Bb4 16. Na4 Nc5 17. Nxc5 Qxc5 18. Bc3 a4 19. Rab1 axb3 20. Rxb3 Bxc3
21. Qxc3 Re7 22. Rdb1 Ra7 23. a3 h5 24. Qb4 Qxb4 25. axb4 e4 26. Be2 Rd7 27.
R3b2 g6 28. Kf1 Kf8 29. Ke1 Ke7 30. b5 c5 31. b6 Ra5 32. Bd1 Rd3 33. Rb5 Rda3
34. Bc2 Rxb5 35. Rxb5 Kd6 36. Kd2 Kc6 37. Rb1 Ra6 38. g4 hxg4 39. hxg4 g5 40.
Rh1 Rxb6 41. Rh8 Kd7 42. Bd1 Rd6+ 43. Kc2 Ra6 44. Kb2 Ke7 45. Rb8 Rb6+ 46. Kc2
Rb4 47. Be2 Nd7 48. Rg8 f6 49. Rg7+ Ke6 50. Rg8 Ne5 51. Re8+ Kd7 52. Rf8 Ke7
53. Rc8 b6 54. Rc7+ Kd6 55. Rc8 Nxc4 56. Rf8 Ke7 57. Rb8 Ne5 58. Rb7+ Kd6 59.
Rb8 c4 60. Rd8+ Ke7 61. Rb8 b5 62. Rb7+ Ke6 63. Rb6+ Kf7 64. Rb7+ Kg6 65. Rb6
Rb3 66. Rb8 b4 67. Kd2 Rb2+ 68. Kd1 b3 69. Rg8+ Kf7 70. Rc8 Nd3 71. Rxc4 Nxf2+
72. Ke1 Nd3+ 73. Kd1 Rb1+ 74. Kd2 Rb2+ 75. Kd1 Ra2 76. Rc7+ Ke6 77. Rb7 Nf2+
78. Ke1 Nd3+ 79. Kd1 Ra1+ 80. Kd2 Ra2+ 81. Kd1 1/2-1/2

[Event "MrDodgy Online Inv"]
[Site "chess24.com INT"]
[Date "2020.06.12"]
[Round "1.8"]
[White "Giri, Anish"]
[Black "Fressinet, Laurent"]
[Result "1-0"]
[WhiteElo "2764"]
[BlackElo "2635"]
[PlyCount "95"]
[EventDate "2020.06.12"]
[EventType "k.o. (blitz)"]
[EventRounds "3"]
[EventCountry "GER"]
[SourceTitle "CBM 196 Extra"]
[Source "ChessBase"]
[SourceDate "2020.07.31"]
[SourceVersion "1"]
[SourceVersionDate "2020.07.31"]
[SourceQuality "1"]

1. e4 c5 2. Nf3 Nc6 3. Bb5 h5 4. O-O e6 5. c3 g5 6. Bxc6 bxc6 7. d4 g4 8. Ne5
Bg7 9. Bf4 Ba6 10. Re1 cxd4 11. cxd4 Ne7 12. Qa4 Bb5 13. Qc2 d6 14. Nc4 Bxc4
15. Qxc4 d5 16. Qc5 Qb6 17. Qc2 Qxd4 18. Nc3 O-O 19. Rad1 Qb4 20. a3 Qb7 21.
Na4 Ng6 22. Bg5 Qb5 23. b3 dxe4 24. Nc5 Rab8 25. Rxe4 Rfe8 26. a4 Qa5 27. b4
Qb6 28. Nd7 Qa6 29. Nxb8 Rxb8 30. Rxe6 fxe6 31. Qxg6 Qe2 32. Rf1 Rf8 33. Bh6
Rf7 34. Bxg7 Rxg7 35. Qe8+ Kh7 36. Qxh5+ Kg8 37. Qe8+ Kh7 38. Qxc6 Rf7 39. b5
Kg6 40. a5 Rh7 41. Qe8+ Kf6 42. Qf8+ Kg6 43. Qg8+ Rg7 44. Qe8+ Rf7 45. b6 axb6
46. axb6 Qb5 47. Qxb5 Rf6 48. b7 1-0

[Event "MrDodgy Online Inv"]
[Site "chess24.com INT"]
[Date "2020.06.12"]
[Round "1.9"]
[White "Fressinet, Laurent"]
[Black "Giri, Anish"]
[Result "1/2-1/2"]
[WhiteElo "2635"]
[BlackElo "2764"]
[PlyCount "102"]
[EventDate "2020.06.12"]
[EventType "k.o. (blitz)"]
[EventRounds "3"]
[EventCountry "GER"]
[SourceTitle "CBM 196 Extra"]
[Source "ChessBase"]
[SourceDate "2020.07.31"]
[SourceVersion "1"]
[SourceVersionDate "2020.07.31"]
[SourceQuality "1"]

1. d4 Nf6 2. Nf3 d5 3. c3 c6 4. Bf4 Bf5 5. Nh4 Bg6 6. Qb3 Qb6 7. Nd2 Nbd7 8. h3
e6 9. e3 Be7 10. Nxg6 hxg6 11. Be2 O-O 12. h4 Qxb3 13. axb3 a6 14. b4 Ne4 15.
Nb3 Bd6 16. Bxd6 Nxd6 17. Nc5 Rad8 18. Bd3 Rfe8 19. f4 f5 20. Kd2 Kf7 21. h5
gxh5 22. Rxh5 Nf6 23. Rh3 Rh8 24. Rah1 Rxh3 25. Rxh3 Ra8 26. Nb3 Nfe4+ 27. Bxe4
Nxe4+ 28. Kc2 Rg8 29. Nc5 Nd6 30. b3 Ke7 31. Rh7 Kf7 32. Kd1 Kg6 33. Rh3 Kf7
34. Ke2 Rb8 35. Nd3 Rg8 36. Ne5+ Kf6 37. c4 Nf7 38. Nd7+ Ke7 39. Nc5 Nd6 40.
Kd3 b6 41. Na4 b5 42. cxb5 axb5 43. Nc5 Ra8 44. Rg3 Kf7 45. Nd7 Ra2 46. Ne5+
Kg8 47. Rg6 Ne4 48. Nf3 Kf7 49. Ne5+ Kg8 50. Nf3 Kf7 51. Ne5+ Kg8 1/2-1/2

[Event "MrDodgy Online Inv"]
[Site "chess24.com INT"]
[Date "2020.06.12"]
[Round "1.10"]
[White "Giri, Anish"]
[Black "Fressinet, Laurent"]
[Result "1-0"]
[WhiteElo "2764"]
[BlackElo "2635"]
[PlyCount "67"]
[EventDate "2020.06.12"]
[EventType "k.o. (blitz)"]
[EventRounds "3"]
[EventCountry "GER"]
[SourceTitle "CBM 196 Extra"]
[Source "ChessBase"]
[SourceDate "2020.07.31"]
[SourceVersion "1"]
[SourceVersionDate "2020.07.31"]
[SourceQuality "1"]

1. e4 c5 2. Nf3 Nc6 3. Bb5 h5 4. O-O e6 5. c3 g5 6. Bxc6 bxc6 7. d4 g4 8. Ne5
Bg7 9. Bf4 Ba6 10. Re1 cxd4 11. cxd4 Ne7 12. Qc2 O-O 13. Nd2 d6 14. Nxc6 Rc8
15. Nxe7+ Qxe7 16. Qa4 Bb7 17. Rac1 a6 18. Qb4 Rfd8 19. Rxc8 Bxc8 20. e5 Qb7
21. Qxb7 Bxb7 22. exd6 Bxd4 23. Nb3 Bb6 24. Re5 Bd5 25. Rg5+ Kh7 26. Rxh5+ Kg6
27. Rg5+ Kf6 28. Rxg4 Rc8 29. d7 Rc2 30. Be3 Bc7 31. Rg8 Ke7 32. Nc5 Rxb2 33.
Re8+ Kf6 34. Bd4+ 1-0

[Event "MrDodgy Online Inv"]
[Site "chess24.com INT"]
[Date "2020.06.13"]
[Round "2.1"]
[White "Korobov, Anton"]
[Black "Giri, Anish"]
[Result "1/2-1/2"]
[WhiteElo "2688"]
[BlackElo "2764"]
[PlyCount "103"]
[EventDate "2020.06.12"]
[EventType "k.o. (blitz)"]
[EventRounds "3"]
[EventCountry "GER"]
[SourceTitle "CBM 196 Extra"]
[Source "ChessBase"]
[SourceDate "2020.07.31"]
[SourceVersion "1"]
[SourceVersionDate "2020.07.31"]
[SourceQuality "1"]

1. d4 d5 2. c4 dxc4 3. e3 Nf6 4. Bxc4 e6 5. Nf3 c5 6. O-O a6 7. a4 Nc6 8. Qe2
cxd4 9. Rd1 Be7 10. exd4 O-O 11. Nc3 Nb4 12. Bf4 Bd7 13. Ne5 Be8 14. Bg3 Rc8
15. Bb3 Nfd5 16. Rac1 Bg5 17. Nxd5 Nxd5 18. Rxc8 Qxc8 19. h4 Be7 20. h5 h6 21.
Qd3 Nb4 22. Qe4 Bc6 23. Nxc6 bxc6 24. Be5 Qd8 25. Qe1 Bd6 26. Bc4 a5 27. b3 Qc7
28. Qe4 Rd8 29. Re1 Bxe5 30. dxe5 Qb6 31. Qh4 Rd2 32. Re3 Rd1+ 33. Kh2 Qd4 34.
Re4 Qd8 35. Qg3 Rd4 36. Qf4 Rxe4 37. Qxe4 Qg5 38. g4 Qd2 39. Kg3 Qc3+ 40. Kg2
Qd2 41. Kg3 Nd5 42. f4 Ne3 43. Qxc6 Nf1+ 44. Kf3 Qe3+ 45. Kg2 Nd2 46. Qe8+ Kh7
47. Qxf7 Qf3+ 48. Kh2 Qf2+ 49. Kh3 Qf3+ 50. Kh2 Qf2+ 51. Kh3 Qf3+ 52. Kh2
1/2-1/2